00502nmm a2200157Ia 4500008004100000020001800041041000800059100001900067245008900086264004800175300001800223650002700241856005200268942000700320999001700327251105s9999||||xx |||||||||||||||||und|| a9789502346786 aspa aCohen, Michael 0aLa economía en tiempos de default :b Recuperación y crecimiento de la Argentina a[Buenos Aires, Argentina] :bEudeba, c2015 a386 páginas aEconomics and Business uhttps://public.digitaliapublishing.com/a/128404 cCF c93350d93350